STN EN ISO 18674-1: 2022 (72 1034), Geotechnický prieskum a skúšky. Geotechnický monitoring pomocou terénnych prístrojov Časť 1 Všeobecné pravidlá (ISO 18674-1: 2015)
Táto slovenská technická norma je slovenskou verziou európskej normy EN ISO 18674-1: 2015. Preklad zabezpečil Úrad pre normalizáciu, metrológiu a skúšobníctvo Slovenskej republiky. Táto norma má rovnaké postavenie, ako majú oficiálne verzie
| Other Authors: | , |
|---|---|
| Format: | Book |
| Language: | Slovak English |
| PhysicalDescription: | 28 strán obrázky, tabuľky 30 cm |
| Published: |
Bratislava
Úrad pre normalizáciu, metrológiu a skúšobníctvo Slovenskej republiky
2022
|
| Subjects: |
MARC
| LEADER | 00000cam a2200000 a 4500 | ||
|---|---|---|---|
| 001 | vtls012157687 | ||
| 003 | SK-MaSNL | ||
| 005 | 20260301105457.0 | ||
| 008 | 221221s2022 xo a frnu 000 0 slo | ||
| 015 | |a SNBN2024 | ||
| 040 | |a SNK |b slo |c SNK |e AACR2 | ||
| 041 | 1 | |a slo |h eng | |
| 044 | |a xo |c SK | ||
| 046 | |a s |m 20221201 (účin.) | ||
| 072 | 7 | |a 624 |x Stavebné inžinierstvo |2 konspekt | |
| 080 | |a 624.13 |2 2011 | ||
| 080 | |a 006.7/.8 |2 2011 | ||
| 080 | |a (437.6) |2 2011 | ||
| 080 | |a (4) |2 2011 | ||
| 084 | |a 13.080.20 |2 ICS | ||
| 084 | |a 93.020 |2 ICS | ||
| 130 | 0 | |a STN 72 1034 (STN EN ISO 18674-1) |9 445835 | |
| 245 | 1 | 0 | |a STN EN ISO 18674-1: 2022 (72 1034), Geotechnický prieskum a skúšky. Geotechnický monitoring pomocou terénnych prístrojov |n Časť 1 |p Všeobecné pravidlá (ISO 18674-1: 2015) |
| 246 | 1 | 0 | |a Geotechnický prieskum a skúšky |
| 246 | 1 | 0 | |a Geotechnický monitoring pomocou terénnych prístrojov. Časť 1 |
| 246 | 1 | 0 | |a Všeobecné pravidlá |
| 246 | 3 | 0 | |a ISO 18674-1: 2015 |
| 246 | 3 | 0 | |a EN ISO 18674-1: 2015 SK |
| 260 | |a Bratislava |b Úrad pre normalizáciu, metrológiu a skúšobníctvo Slovenskej republiky |c 2022 | ||
| 300 | |a 28 strán |b obrázky, tabuľky |c 30 cm | ||
| 500 | |a Súbežný názov v angličtine, francúzštine, nemčine | ||
| 500 | |a Spracovateľ: Jana Frankovská, Matin Brček | ||
| 500 | |a Táto slovenská technická norma nahrádza anglickú verziu STN EN ISO 18674-1 z novembra 2015 v celom rozsahu | ||
| 504 | |a Normatívne referenčné dokumenty na strane 2, literatúra na strane 28 | ||
| 520 | 8 | |a Táto slovenská technická norma je slovenskou verziou európskej normy EN ISO 18674-1: 2015. Preklad zabezpečil Úrad pre normalizáciu, metrológiu a skúšobníctvo Slovenskej republiky. Táto norma má rovnaké postavenie, ako majú oficiálne verzie | |
| 540 | |a STN vydané na akomkoľvek nosiči sa môžu rozmnožovať a rozširovať iba so súhlasom určenej právnickej osoby |b SÚTN Bratislava |c zákon 60/2018 Z. z. | ||
| 650 | 0 | 7 | |a geotechnika |2 SNKPH |9 15397 |
| 650 | 0 | 7 | |a technické normy a štandardy |z Slovensko |2 SNKPH |9 79594 |
| 650 | 0 | 7 | |a technické normy a štandardy |z krajiny Európskej únie |2 SNKPH |9 289341 |
| 650 | 0 | 7 | |a geotechnický výskum |2 SNKPH |9 76043 |
| 650 | 0 | 7 | |a Geotechnics |2 SNKPHeng |9 311822 |
| 655 | 7 | |a normy |2 SNKPH |9 70643 | |
| 700 | 1 | |a Frankovská, Jana, |d 1963- |4 trl |9 215635 | |
| 700 | 1 | |a Brček, Martin, |d 1980- |4 trl |9 200026 | |
| 710 | 1 | |a Slovensko. |b Úrad pre normalizáciu, metrológiu a skúšobníctvo |4 stn |9 158117 | |
| 710 | 2 | |a Slovenský ústav technickej normalizácie (Bratislava, Slovensko). |b Technická komisia č. 14 Geometria |4 stn |9 445836 | |
| 852 | |a Štátna vedecká knižnica v Banskej Bystrici | ||
| 958 | |a OP | ||
| 958 | |a NB | ||
| 999 | |c 700962 |d 702892 | ||
| 952 | |a SNK |b SNK |y PREZ |7 0 |p 17A1543202 |o snkSTN EN ISO 18674-1 |i snk2024/5280 |8 0 |0 0 |1 0 |4 0 |d 2024-04-02 |l 0 |r 2026-02-23 20:56:57 |w 2026-02-23 | ||


